LEADER 01216nam 2200325Ia 450 001 996387460503316 005 20221107221901.0 035 $a(CKB)1000000000629653 035 $a(EEBO)2240932950 035 $a(OCoLC)12186906 035 $a(EXLCZ)991000000000629653 100 $a19850621d1641 uy | 101 0 $aeng 135 $aurbn||||a|bb| 200 10$aVindiciæ sabbathi, or, An answer to two treatises of Master Broads$b[electronic resource] $ethe one, concerning the Sabbath or seaventh day, the other, concerning the Lord's-day or first of the weeke : with a survey of all the rest which of late have written upon that subject /$fby George Abbot 210 $aLondon $cPrinted for I.D. for Henry Overton and are to be sold at his shop ...$d1641 215 $a[12], 164, 109 p 300 $aReproduction of original in Huntington Library. 330 $aeebo-0113 606 $aSunday 615 0$aSunday. 700 $aAbbot$b George$f1604-1649.$01002030 801 0$bEAA 801 1$bEAA 801 2$bm/c 801 2$bWaOLN 906 $aBOOK 912 $a996387460503316 996 $aVindiciæ sabbathi, or, An answer to two treatises of Master Broads$92310433 997 $aUNISA